Shuttered Expressions/ (Record no. 201805)

MARC details
000 -LEADER
fixed length control field 00626nam a22001817a 4500
005 - DATE AND TIME OF LATEST TRANSACTION
control field 20240327124615.0
010 ## - LCCN (DPL NO)
LC control number ENG-139970
020 ## - INTERNATIONAL STANDARD BOOK NUMBER
International Standard Book Number 9789390746903
Terms of availability 2350.00
035 ## - SYSTEM CONTROL NUMBER
System control number EN-123502
037 ## - SOURCE OF ACQUISITION
Source of stock number/acquisition DBAD/PUB
082 ## - DEWEY DECIMAL CLASSIFICATION NUMBER
Classification number 779.2402
100 ## - MAIN ENTRY--PERSONAL NAME
Personal name Jain, Ananya
245 ## - TITLE STATEMENT
Title Shuttered Expressions/
Statement of responsibility, etc By Ananya Jain
260 ## - PUBLICATION, DISTRIBUTION, ETC. (IMPRINT)
Place of publication, distribution, etc Kolkata
Name of publisher, distributor, etc Exceller Books
Date of publication, distribution, etc 2021
270 ## - ADDRESS
Address G1, Dream Apartment, Degree College Road , Belgharia
City Kolkata
Postal code 700056
300 ## - PHYSICAL DESCRIPTION
Extent 115p.
Dimensions 28cm(Pb)
942 ## - ADDED ENTRY ELEMENTS (KOHA)
Source of classification or shelving scheme Dewey Decimal Classification
Item type English Books
Classification part 779.2402
Call number suffix JAI
Holdings
Withdrawn status Lost status Not for loan Collection code Home library Current library Date acquired Source of acquisition Cost, normal purchase price Full call number Barcode Copy number Cost, replacement price Koha item type
      Non-fiction Bawana Bawana 27/03/2024 DBAD 2350.00 779.2402 JAI EN-123502 1 2350.00 English Books

© Delhi Public Library
Hit Counter
free hit counter